000 00306nam a2200145Ia 4500
005 20260513122049.0
020 _a9780646545097
100 _aFranklin
365 _cRs.
365 _b10.00
942 _cBK
245 _aProof in Mathematics: An Introduction
260 _bKew Books
999 _c5
_d5